Score 0/13 Timer 05:00
0 Plays Today
% Correct
Canterbury Tales
100%
Book of the Duchess
62.5%
Troilus and Criseyde
57.7%
Parliament of Fowls
57.7%
Legend of Good Women
51.9%
House of Fame
51%
Treatise on the Astrolabe
18.3%
Gentilesse
3.8%
Truth
1.9%
Complaint of Chaucer to His Purse
1%
Merciles Beaute
1%
Against Women Unconstant
1%
Lak of Steadfastnesse
0%
Remove Ads.
Support Sporcle.
Get the best of Sporcle when you Go Orange. This ad-free experience offers more features, more stats, and more fun while also helping to support Sporcle. Thank you for becoming a member.

You're not logged in!

Compare scores with friends on all Sporcle quizzes.
OR
Log In

You Might Also Like...

Show Comments

Extras

Top Quizzes Today


Score Distribution

Your Account Isn't Verified!

In order to create a playlist on Sporcle, you need to verify the email address you used during registration. Go to your Sporcle Settings to finish the process.

Report this User

Report this user for behavior that violates our Community Guidelines.

Details: